| 000 | 02251cam a22002414a 4500 | ||
|---|---|---|---|
| 005 | 20250605164331.0 | ||
| 008 | 250528s ||||||||||||||||||||||||d | ||
| 035 | _a23240 | ||
| 020 | _a9789605466947 | ||
| 040 |
_aGR-AtMCL _bgre _dGR-AtMCL _eAACR2 |
||
| 245 | 1 | _aΗγέτες του Μέλλοντος | |
| 260 |
_bΠεδίο, _c2016 |
||
| 300 | _a368 | ||
| 520 | _aΣτόχος του βιβλίου είναι να βοηθήσει τους νέους εργαζόμενους και μελλοντικούς ηγέτες να κατανοήσουν βασικές έννοιες της ηγεσίας και να αναπτύξουν με βιωματικό τρόπο τις κρίσιμες ηγετικές ικανότητες οι οποίες θα τους βοηήσουν να προσαρμοστούν γρήγορα στο νέο εργασιακό τοπίο που διαμορφώνεται και να αντιμετωπίσουν αποτελεσματικά τις προκλήσεις του μέλλοντος. Εισαγωγή, Κρίσιμες Ηγετικές Ικανότητες για Μελλοντικούς Ηγέτες, Ηγεσία, Ικανότητες Αυτοδιαχείρισης, Αυτοπεποίθηση, Αισιοδοξία, Αξιοπιστία, Επιχειρηματικές Ικανότητες, Στρατηγική Σκέψη και Σχεδιασμός, Αναλυτική Λήψη Αποφάσεων, Δημιουργική Επίλυση Προβλημάτων, Ικανότητες Διαχείρισης Ανθρώπων, Ομαδική Συνεργασία, Διαπροσωπική Επικοινωνία, Παρακίνηση Συνεργατών, Δίκτυα Συνεργασιών, Εφαρμογές με Κόμικς, Τα Κόμικς ως Εργαλείο Ανάπτυξης Ηγετικών Ικανοτήτων, Οι Συγγραφείς του Τόμου. | ||
| 700 | 1 | _aΙορδάνογλου Δήμητρα | |
| 700 | 1 |
_aΙωαννίδης Κωνσταντίνος _98824 |
|
| 700 | 1 |
_aΛέανδρος Νίκος _98825 |
|
| 700 | 1 |
_aΤσακαρέστου Μπέτυ _98826 |
|
| 700 | 1 |
_aΤσενέ Λήδα _98827 |
|
| 942 | _cBK | ||
| 999 |
_c8269 _d8269 |
||